Statistics for Pick the Biggest Country - Multiple Choice

Click here to take the quiz!

General Stats

  • This quiz has been taken 38 times
  • The average score is 10 of 15

Answer Stats

QuestionAnswer% Correct
Biggest?Russia
92%
Biggest?United States
92%
Biggest?Luxembourg
81%
Biggest?Brazil
78%
Biggest?Kazakhstan
73%
Biggest?Algeria
70%
Biggest?Mexico
70%
Biggest?India
70%
Biggest?Serbia
68%
Biggest?Italy
65%
Biggest?India
59%
Biggest?Turkey
54%
Biggest?France
51%
Biggest?Peru
43%
Biggest?Finland
43%

Score Distribution

Percentile by Number Answered

Percent of People with Each Score

Your Score History

You have not taken this quiz